000 00542nam a22001817a 4500
005 20251108164922.0
008 250721s1993 xx 000 0 ara d
082 1 4 _a649.1/سنا
100 1 _aأبو زيد، سناء عبد الله
245 1 0 _aوقاية الطفل من الأمراض /
264 1 _aبيروت :
_bشركة سفير،
_c1993.
300 _a104ص
490 0 _aأطفالنا : سلسلة سفير التربوية ؛ 8
650 1 7 _aالأطفال
650 1 7 _aالصحة
942 _2ddc
_cBK
999 _c17423
_d17423